{"text_format":"3","workbook":"xls","n_sheets":2,"sheets":["配置清单","Sheet2"],"not_rendered":{"external_links":1,"defined_names":2},"read":"whole","date_system":"1900","formulas":"cached_only"}

{"sheet":"配置清单","index":0,"n_rows":28,"n_cols":9,"rows_kept":28,"hidden":true,"merged":[[0,0,0,8],[2,0,2,6],[10,0,10,6],[11,0,11,6],[20,0,20,6],[21,0,21,6],[24,1,24,6],[25,1,25,6],[26,1,26,6],[27,1,27,6]],"flags":["formulas_cached_only"]}
["秀屿区笏石镇林柄安置区监控系统建设项目\n"]
["序号","名称","型号","参数","单位","数量","单价（元）","金额（元）","备注"]
["一、前端设备"]
[1,"枪机","DH-IPC-HFW52XYZM-ABCD","1. 图像传感器：1/2.8 英寸200万 CMOS\n2. 视频分辨率：1920*1080@30fps，≥1100TVL（以公安部授权机构出具的检验报告为准 ）\n3. 信噪比：≥58dB（以公安部授权机构出具的检验报告为准 ）\n4. ★最低照度：≤0.001lx（彩色），≤0.0001lx（黑白）（以公安部授权机构出具的检验报告为准 ）\n5. 日夜功能：IR-CUT机械切换\n6. 镜头：3.6/6/8/12mm定焦可选镜头\n7. 红外距离：≥80米，可根据目标自动调节红外灯亮度\n8. ★在IE浏览器下，具有锐度，gamma设置选项（以公安部授权机构出具的检验报告为准 ）\n9. 视频压缩标准：H.264/MJPEG/JPEG\n10. 图像传输延时：在分辨率为1920×1080、帧率为30fps、码率为2Mbps时，视频图像传输至客户端的延时≤90ms（以公安部授权机构出具的检验报告为准 ）\n11. 音频压缩：支持MP2L2、G.711、G.726、AAC等\n12. 网络协议：HTTP，TCP，ARP，RTSP，RTP，UDP，RTCP，SMTP，FTP，DHCP，DNS，DDNS，PPPOE，IPv4/v6，SNMP，QoS，UPnP，NTP\n13. ★字符叠加：支持在视频图像上叠加10行字符（以公安部授权机构出具的检验报告为准 ）\n14. 具备人脸抓拍、人脸增强、区域入侵、越界入侵、徘徊、人员聚集、快速移动、物品遗留等智能分析功能\n15. 断电保护：支持软件升级过程中断电，重新加电后可恢复到升级前的软件版本\n16. ★支持环境色温在3000K-9000K范围内变化时自动调整白平衡（以公安部授权机构出具的检验报告为准 ）\n17. ★支持帧率动态控制功能，当触发报警时，视频录像帧率应自动调整至设定值 （以公安部授权机构出具的检验报告为准 ）\n18. 网络接口：1个 10/100Mbps自适应以太网口\n19. 故障检测：网络断开检测，IP冲突检测，编码器状态检测，存储卡状态检测，存储空间检测\n20. ★客流信息支持以柱状图、折线图、列表等形式展现（以公安部授权机构出具的检验报告为准 ）\n21. 防护等级：IP67\n22. 工作温度：-40℃~+70℃\n23. 采用±30%宽压电源，支持6KV防雷等级\n24. 符合GB/T 28181-2011标准，提供公安部安全防范报警系统产品质量监督检验测试中心或公安部安全与警用电子产品质量检测中心出具的有效检测报告 。\n","台",15,560,{"v":8400,"d":"8400.00"}]
[2,"枪机支架","DH-PFB121W",null,"个",15,25,{"v":375,"d":"375.00"}]
[3,"枪机电源","DH-PFM320","DC12V/2A墙插电源适配器","台",15,25,{"v":375,"d":"375.00"}]
[4,"超五类非屏蔽双绞线",null,"1) 性能符合ISO 11801-2002、TIA/EIA 568C.2和GB50311-2007超五类标准。          \n2) 绝缘层材料为高密度聚乙烯（HDPE）。\n3) 外护套材料为PVC，阻燃等级CM/MP。 \n4) 电气性能：工作电容≤5.6 nF/100米；线对对地电容不平衡≤330 pF/100米；额定传输速率（NVP)：65% ；线对时延差：≤45ns/100米；最大导体直流电阻：9.38Ω /100米 (24AWG)；线对直流不平衡电阻：≤2%；绝缘电阻最小值(MΩ/Km)：5000\n5) 物理特性：传输带宽大于100MHz；24AWG线规。\n6) ★投标产品安全、无危害，具有美国UL产品认证，投标时需提供相关证明文件并加盖厂家公章。\n7) ★为保证实际应用中不会因增加中继连接点对传输通道的性能产生影响，满足严格的应用要求，通过权威检测机构六连接信道链路与三连接永久链路的检测，提供证明文件并加盖厂商公章。\n","米",800,2,{"v":1600,"d":"1600.00"}]
[5,"PVC管","PVC25","\n1.密度（g/cm3） 1.35～1.46; 2. 抗拉强度（MPa） 48～50; 3.  屈服强度（MPa） ≥40; 4. 拉伸弹性模量（MPa ）≥3000; 5. 弯曲弹性模量(GPa) 3.2 ; 6. 抗压强度(MPa) 100 ；7. 管壁粗糙度（μm） 90 ;8.线膨胀系数(m/℃.m) 80 ;9. 使用温度范围(℃ )0～45 ;10. 导热系数(λ，W/m·k )0.16.","米",400,2.5,{"v":1000,"d":"1000.00"}]
[6,"电源线","RVV3*1.0","执行标准：GB/T5023.4-2008 \n额定电压：U○/U 为 300/500V \n额定温度：70℃","米",800,1.5,{"v":1200,"d":"1200.00"}]
[7,"8口交换机","DH-IS1110"," 8 个10/100Base-TX 以太网端口,1个 10/100/1000Base-T 以太网端口,1个100/1000Base-X SFP 端口（非复用）\n 工作温度-40°~75°，适应各地区使用环境\n 交换容量≧6.8Gbps，包转发速率≧2.98MPPS\n 采用交换芯片，存储转发交换方式\n 无风扇防尘、支持自然散热，延长设备使用寿命\n 支持端口1Mbit大缓存，保证视频码流平滑传输\n 提供安防行业专用认证：公安三所检测报告\n","台",2,800,{"v":1600,"d":"1600.00"}]
["小  计",{"$nulls":6},{"v":14550,"d":"14550.00"}]
["二、中心设备"]
[8,"综合机柜","22U标准机柜","1) 符合ANSI/EIARS-310-D、DIN41491；PART1、IEC297-2、DIN41494 ；PART7、GB/T3047.2-92标准。兼容19英寸国际标准，公制标准和ETSI标准。\n2) 42U网络机柜，钢化玻璃前门、全钢后门；尺寸600*600*2000。\n3) 内部方孔条采用2.0mm厚冷轧钢板，加宽设计至484mm内宽。\n4) 脱脂、酸洗、防锈磷化、纯水清洗，静电喷塑符合欧洲ROHS 环保标准。\n5) 可关闭的上部、下部多处走线通道，底部大走线孔尺寸可按需调整。\n6) 可选配安装底座，达到固定机柜、底部过线、底部送冷风、防鼠的要求。\n7) 可方便拆卸的左右侧门和前后门，全方位操作,多方位查看。\n8) 静态载重量不低于500KG。\n9) 内配1个通过3C认证的6位PDU，提供3C认证证明文件，PDU与机柜须同一品牌。","台",1,1435,{"v":1435,"d":"1435.00"}]
[9,"网络硬盘录像机","DH-NVR5832-4K","1. 处理器：工业级嵌入式处理器\n2. 操作系统：嵌入式LINUX操作系统\n3. 视频接入：不小于64路1080P\n4. 支持16块硬盘\n5. ★支持接入单块硬盘的最大容量为8T（以公安部授权机构出具的检验报告为准 ）\n6. ★支持RAID5、RAID6、RAID50、RAID60（以公安部授权机构出具的检验报告为准 ）\n7. ★视频接入：支持最大接入码流≥640Mbps，转发最大码流≥320Mbps（以公安部授权机构出具的检验报告为准 ）\n8. 支持4路分辨率为3840*2160、帧率为30fps或16路分辨率为1920*1080、帧率为30fps的视频流解码。\n9. 支持4路分辨率为3840*2160、帧率为25fps或16路分辨率为1920*1080、帧率为30fps的录像倒放或回放，并支持2、4、8、16倍速回放录像。\n10. 支持64分割预览。\n11. 可存储并回放断网前1s录像（以公安部出具的有效检测报告为准）。\n12. 可通过HDMI接口将接入的分辨率为3840*2160的视频图像显示输出在4K的液晶屏上。\n13. 支持系统配置管理、操作权限管理、语音对讲、即时回放、云台控制、断网续存、报警预录、录像标签、录像锁定、数据备份等功能\n14. 支持远程管理功能，可对接入的网络摄像机进行批量升级，并配置其分辨率、码流、视频叠加、抓拍图片等功能\n15. ★支持对录像的某个时间点进行添加标签，最大支持256个标签（以公安部授权机构出具的检验报告为准 ）\n16. ★支持移动客户端通过互联网扫描二维码登陆设备（以公安部授权机构出具的检验报告为准 ）\n17. 当接入的视频画面中发生绊线人侵、区域入侵、场景变化、移动侦测、人脸检测、物品遗留和物品搬移时，可给出报警提示。\n18. 支持人脸检测等智能事件的录像回放，支持通道、开始时间和结束时间的选择。\n19. 支持N+M集群管理（以公安部授权机构出具的检验报告为准 ）\n20. ★支持语音播放功能，支持语音定时播放。支持移动侦测、视频丢失、视频遮挡、报警等事件联动语音播放功能。（以公安部授权机构出具的检验报告为准 ）\n21. ★支持鱼眼IPC后矫正，分辨率最大支持4000x3000（以公安部授权机构出具的检验报告为准 ）\n22. 支持录像切片功能，可将录像等分为4/8/16路同时回放。\n23. 至少支持2个千兆网口，2个RCA音频接口、16路报警输入接口、8路报警输出接口，并具有1个Rs232接口、1个Rs485接口、4个USB接口、1个eSATA接口。\n24. 工作温度为-10℃～＋55℃。\n25. 符合GB/T28181-2011标准，并提供公安部安全防范报警系统产品质量监督检验测试中心或公安部安全与警用电子产品质量检测中心出具的有效检测报告复印件 。\n","台",1,2800,{"v":2800,"d":"2800.00"}]
[10,"硬盘","ST4000VX000","4T，监控专用硬盘","块",2,920,{"v":1840,"d":"1840.00"},"2M码流40路存15天"]
[11,"核心汇聚交换机","DH-S4200-24T","1. 标准机架式19\"\n2. 支持24个10/100/1000Base-T电口，4个SFP100/1000Base-T COMBO光口\n3. 支持CLI(Console/Telnet)、SNMP、WEB 、Telnet、SSH等网管功能\n4. 交换容量≧128Gbps，包转发速率≧35.7MPPS\n5. 采用BROADCOM高性能芯片，提高交换效率\n6. 支持ACL策略，提供多种基于IP策略配置\n7. 支持端口802.1Q、GVRP、PVLAN，QinQ技术协议\n8. 支持端口聚合,支持LACP、802.3ad，支持负载均衡\n9. 支持动态ARP、静态ARP绑定\n10. 支持IGMP Snooping、静态组播\n11. 支持室内宽温：-25-55°，提高系统稳定性（以公安部授权机构出具的检验报告为准）\n12. 无风扇防尘、支持自然散热，延长设备使用寿命\n13. 支持超静音，减少环境噪音\n14. 提供安防行业专用认证：公安三所检测报告\n","台",1,3600,{"v":3600,"d":"3600.00"}]
[12,"控制键盘","DH-NKB1000","1. ★显示屏：采用10.2英寸. （以公安部授权机构出具的招标公告发布前的有效检验报告复印件数据为准 ）\n2. 800*600分辨率，支持触摸笔屏幕操作，支持与HDMI同步输出。\n3. 屏幕区和摇杆区采用分体设计；\n4. 支持POE受电；\n\n9. 支持2000台设备控制；\n10. 支持网络方式接入DVR、EVS、NVR、网络摄像机、球机等设备。\n11. 支持控制视频综合平台和解码器输出上墙；\n12. 支持云台PTZ操作，支持预置点、巡航和轨迹的设置与调用\n","台",1,2000,{"v":2000,"d":"2000.00"}]
[13,"55寸监视器","DHL550","大华55寸监视器","座",1,5500,{"v":5500,"d":"5500.00"}]
[14,"辅材",null,null,"批",1,3000,{"v":3000,"d":"3000.00"}]
[15,"光模块","千兆",null,"对",1,2000,{"v":2000,"d":"2000.00"}]
["小  计",{"$nulls":6},{"v":22175,"d":"22175.00"}]
["三、光纤网络材料+施工费"]
[null,"材料费",{"$nulls":5},4055.03]
[null,"施工费",{"$nulls":5},{"v":2500,"d":"2500.00"}]
["A","设备总计：",{"$nulls":5},40780.03]
["B","施工费：按设备造价20%",{"$nulls":5},{"v":10656.006,"d":"10656.01"}]
["C","税金：17%",{"$nulls":5},{"v":6932.6051,"d":"6932.61"}]
["D","工程总计：",{"$nulls":5},{"v":58368.6411,"d":"58368.64"}]

{"sheet":"Sheet2","index":1,"n_rows":26,"n_cols":8,"rows_kept":26,"merged":[[0,0,0,7],[2,0,2,5],[11,0,11,5],[12,0,12,5],[21,0,21,5],[22,1,22,2],[23,0,23,5],[24,0,24,5]],"flags":["formulas_cached_only"]}
["秀屿区笏石镇苏塘安置区监控系统建设项目采购清单\n"]
["序号","名称","参数","单位","数量","单价（元）","金额（元）","备注"]
["一、前端设备"]
[1,"枪机","1. 图像传感器：1/2.8 英寸200万 CMOS\n2. 视频分辨率：1920*1080@30fps，≥1100TVL（以公安部授权机构出具的检验报告为准 ）\n3. 信噪比：≥58dB（以公安部授权机构出具的检验报告为准 ）\n4. ★最低照度：≤0.001lx（彩色），≤0.0001lx（黑白）（以公安部授权机构出具的检验报告为准 ）\n5. 日夜功能：IR-CUT机械切换\n6. 镜头：3.6/6/8/12mm定焦可选镜头\n7. 红外距离：≥80米，可根据目标自动调节红外灯亮度\n8. ★在IE浏览器下，具有锐度，gamma设置选项（以公安部授权机构出具的检验报告为准 ）\n9. 视频压缩标准：H.264/MJPEG/JPEG\n10. 图像传输延时：在分辨率为1920×1080、帧率为30fps、码率为2Mbps时，视频图像传输至客户端的延时≤90ms（以公安部授权机构出具的检验报告为准 ）\n11. 音频压缩：支持MP2L2、G.711、G.726、AAC等\n12. 网络协议：HTTP，TCP，ARP，RTSP，RTP，UDP，RTCP，SMTP，FTP，DHCP，DNS，DDNS，PPPOE，IPv4/v6，SNMP，QoS，UPnP，NTP\n13. ★字符叠加：支持在视频图像上叠加10行字符（以公安部授权机构出具的检验报告为准 ）\n14. 具备人脸抓拍、人脸增强、区域入侵、越界入侵、徘徊、人员聚集、快速移动、物品遗留等智能分析功能\n15. 断电保护：支持软件升级过程中断电，重新加电后可恢复到升级前的软件版本\n16. ★支持环境色温在3000K-9000K范围内变化时自动调整白平衡（以公安部授权机构出具的检验报告为准 ）\n17. ★支持帧率动态控制功能，当触发报警时，视频录像帧率应自动调整至设定值 （以公安部授权机构出具的检验报告为准 ）\n18. 网络接口：1个 10/100Mbps自适应以太网口\n19. 故障检测：网络断开检测，IP冲突检测，编码器状态检测，存储卡状态检测，存储空间检测\n20. ★客流信息支持以柱状图、折线图、列表等形式展现（以公安部授权机构出具的检验报告为准 ）\n21. 防护等级：IP67\n22. 工作温度：-40℃~+70℃\n23. 采用±30%宽压电源，支持6KV防雷等级\n24. 符合GB/T 28181-2011标准，提供公安部安全防范报警系统产品质量监督检验测试中心或公安部安全与警用电子产品质量检测中心出具的有效检测报告 。\n","台",18]
[2,"枪机支架",null,"个",18]
[null,"枪机电源","DC12V/2A墙插电源适配器","台",18]
[4,"超五类非屏蔽双绞线","1) 性能符合ISO 11801-2002、TIA/EIA 568C.2和GB50311-2007超五类标准。          \n2) 绝缘层材料为高密度聚乙烯（HDPE）。\n3) 外护套材料为PVC，阻燃等级CM/MP。 \n4) 电气性能：工作电容≤5.6 nF/100米；线对对地电容不平衡≤330 pF/100米；额定传输速率（NVP)：65% ；线对时延差：≤45ns/100米；最大导体直流电阻：9.38Ω /100米 (24AWG)；线对直流不平衡电阻：≤2%；绝缘电阻最小值(MΩ/Km)：5000\n5) 物理特性：传输带宽大于100MHz；24AWG线规。\n6) ★投标产品安全、无危害，具有美国UL产品认证，投标时需提供相关证明文件并加盖厂家公章。\n7) ★为保证实际应用中不会因增加中继连接点对传输通道的性能产生影响，满足严格的应用要求，通过权威检测机构六连接信道链路与三连接永久链路的检测，提供证明文件并加盖厂商公章。\n","米",1280]
[5,"PVC管","\n1.密度（g/cm3） 1.35～1.46; 2. 抗拉强度（MPa） 48～50; 3.  屈服强度（MPa） ≥40; 4. 拉伸弹性模量（MPa ）≥3000; 5. 弯曲弹性模量(GPa) 3.2 ; 6. 抗压强度(MPa) 100 ；7. 管壁粗糙度（μm） 90 ;8.线膨胀系数(m/℃.m) 80 ;9. 使用温度范围(℃ )0～45 ;10. 导热系数(λ，W/m·k )0.16.","米",700]
[6,"电源线","执行标准：GB/T5023.4-2008 \n额定电压：U○/U 为 300/500V \n额定温度：70℃","米",500]
[7,"安防设备箱","1、 尺寸：200*300*500；\n2、 钢材厚度：1.5mm。","个",4]
[8,"8口交换机"," 8 个10/100Base-TX 以太网端口,1个 10/100/1000Base-T 以太网端口,1个100/1000Base-X SFP 端口（非复用）\n 工作温度-40°~75°，适应各地区使用环境\n 交换容量≧6.8Gbps，包转发速率≧2.98MPPS\n 采用交换芯片，存储转发交换方式\n 无风扇防尘、支持自然散热，延长设备使用寿命\n 支持端口1Mbit大缓存，保证视频码流平滑传输\n 提供安防行业专用认证：公安三所检测报告\n","台",4]
["小  计"]
["二、中心设备"]
[9,"综合机柜","1)  21U网络机柜，钢化玻璃前门、全钢后门；尺寸600*600*1000。\n\n2) 内配1个通过3C认证的6位PDU，提供3C认证证明文件，PDU与机柜须同一品牌。","台",1]
[10,"网络硬盘录像机","1. 处理器：工业级嵌入式处理器\n2. 操作系统：嵌入式LINUX操作系统\n3. 视频接入：不小于64路1080P\n4. 支持16块硬盘\n5. ★支持接入单块硬盘的最大容量为8T（以公安部授权机构出具的检验报告为准 ）\n6. ★支持RAID5、RAID6、RAID50、RAID60（以公安部授权机构出具的检验报告为准 ）\n7. ★视频接入：支持最大接入码流≥640Mbps，转发最大码流≥320Mbps（以公安部授权机构出具的检验报告为准 ）\n8. 支持4路分辨率为3840*2160、帧率为30fps或16路分辨率为1920*1080、帧率为30fps的视频流解码。\n9. 支持4路分辨率为3840*2160、帧率为25fps或16路分辨率为1920*1080、帧率为30fps的录像倒放或回放，并支持2、4、8、16倍速回放录像。\n10. 支持64分割预览。\n11. 可存储并回放断网前1s录像（以公安部出具的有效检测报告为准）。\n12. 可通过HDMI接口将接入的分辨率为3840*2160的视频图像显示输出在4K的液晶屏上。\n13. 支持系统配置管理、操作权限管理、语音对讲、即时回放、云台控制、断网续存、报警预录、录像标签、录像锁定、数据备份等功能\n14. 支持远程管理功能，可对接入的网络摄像机进行批量升级，并配置其分辨率、码流、视频叠加、抓拍图片等功能\n15. ★支持对录像的某个时间点进行添加标签，最大支持256个标签（以公安部授权机构出具的检验报告为准 ）\n16. ★支持移动客户端通过互联网扫描二维码登陆设备（以公安部授权机构出具的检验报告为准 ）\n17. 当接入的视频画面中发生绊线人侵、区域入侵、场景变化、移动侦测、人脸检测、物品遗留和物品搬移时，可给出报警提示。\n18. 支持人脸检测等智能事件的录像回放，支持通道、开始时间和结束时间的选择。\n19. 支持N+M集群管理（以公安部授权机构出具的检验报告为准 ）\n20. ★支持语音播放功能，支持语音定时播放。支持移动侦测、视频丢失、视频遮挡、报警等事件联动语音播放功能。（以公安部授权机构出具的检验报告为准 ）\n21. ★支持鱼眼IPC后矫正，分辨率最大支持4000x3000（以公安部授权机构出具的检验报告为准 ）\n22. 支持录像切片功能，可将录像等分为4/8/16路同时回放。\n23. 至少支持2个千兆网口，2个RCA音频接口、16路报警输入接口、8路报警输出接口，并具有1个Rs232接口、1个Rs485接口、4个USB接口、1个eSATA接口。\n24. 工作温度为-10℃～＋55℃。\n25. 符合GB/T28181-2011标准，并提供公安部安全防范报警系统产品质量监督检验测试中心或公安部安全与警用电子产品质量检测中心出具的有效检测报告复印件 。\n","台",1]
[11,"硬盘","4T，监控专用硬盘","块",2,null,null,"2M码流40路存15天"]
[12,"核心汇聚交换机","1. 标准机架式19\"\n2. 支持24个10/100/1000Base-T电口，4个SFP100/1000Base-T COMBO光口\n3. 支持CLI(Console/Telnet)、SNMP、WEB 、Telnet、SSH等网管功能\n4. 交换容量≧128Gbps，包转发速率≧35.7MPPS\n5. 采用BROADCOM高性能芯片，提高交换效率\n6. 支持ACL策略，提供多种基于IP策略配置\n7. 支持端口802.1Q、GVRP、PVLAN，QinQ技术协议\n8. 支持端口聚合,支持LACP、802.3ad，支持负载均衡\n9. 支持动态ARP、静态ARP绑定\n10. 支持IGMP Snooping、静态组播\n11. 支持室内宽温：-25-55°，提高系统稳定性（以公安部授权机构出具的检验报告为准）\n12. 无风扇防尘、支持自然散热，延长设备使用寿命\n13. 支持超静音，减少环境噪音\n14. 提供安防行业专用认证：公安三所检测报告\n","台",1]
[13,"控制键盘","1. ★显示屏：采用10.2英寸. （以公安部授权机构出具的招标公告发布前的有效检验报告复印件数据为准 ）\n2. 800*600分辨率，支持触摸笔屏幕操作，支持与HDMI同步输出。\n3. 屏幕区和摇杆区采用分体设计；\n4. 支持POE受电；\n\n9. 支持2000台设备控制；\n10. 支持网络方式接入DVR、EVS、NVR、网络摄像机、球机等设备。\n11. 支持控制视频综合平台和解码器输出上墙；\n12. 支持云台PTZ操作，支持预置点、巡航和轨迹的设置与调用\n","台",1]
[14,"55寸监视器","55寸监视器","座",1]
[15,"辅材",null,"批",1]
[16,"光纤收发器",null,"对",4,null,null,"千兆"]
["小  计"]
[16,"安装调试费",null,"批",1]
["合     计"]
["三、维修维护费用"]
[17,"维修维护费用","    工程维修质保期3年：第一年保修，第二年起收取维修维护费用(维护费不含设备材料费），限额在25元/点/月以下。","元/点/月",18]